00633nam a2200217Ia 450000500170000000800410001702000150005808200130007324500320008626000360011830000110015465000080016565000110017370000300018470000300021470000260024470000290027094200060029995200950030599900150040020240531041033.0240331s9999 xx 000 0 und d a9559211005 bLAWa340 0aLawyers as social engineers aColombobLegal Aid Centrec1993 a70 p., aLaw aSocial aGunawardhana, Anandieedt aMuthukrishna, Nishaneedt aMubarak, Parveeneedt aWalatara, Savithirieedt cL 001040708LaWERCLbWERCLcSSCd2024-03-31l0o 349 LAWp1501r2024-03-31w2024-03-31yL c2818d2818